000 00452nam a2200169Ia 4500
008 220216s9999 xx 000 0 und d
100 _aVarghese Siby
245 0 _aProduction of soluble protein free latex by radiation process
260 _bRubber Chemistry and Technology
_c2000
300 _a80-88
650 _aProtein free latex
650 _aRadiation
700 _aKatsumura Y
700 _aMakuuchi K
700 _aYoshii F
942 _cJS
999 _c65850
_d65850